Statistics for Musicians that have collobrated with Nicki Minaj

Click here to take the quiz!

General Stats

  • This quiz has been taken 225 times
    (177 since last reset)
  • The average score is 31 of 115

Answer Stats

Musicians% Correct
Drake
96%
Ariana Grande
92%
Lil Wayne
90%
Cardi B
83%
Beyonce
80%
Rihanna
79%
Migos
77%
Kanye West
69%
Eminem
63%
Jessie J
62%
Chris Brown
60%
Katy Perry
59%
Megan Thee Stallion
59%
Doja Cat
58%
Justin Bieber
58%
Jay-Z
57%
6ix9ine
56%
David Guetta
52%
Madonna
52%
Meek Mill
45%
Little Mix
41%
The weeknd
40%
Tyga
40%
Jason Derulo
38%
Bebe Rexha
37%
Quavo
37%
2 Chainz
36%
Ciara
36%
Rick Ross
36%
Future
35%
Karol G
35%
Ty Dolla Sign
35%
Lil Uzi Vert
34%
Big Sean
33%
Dj Khaled
32%
Offset
31%
Britney Spears
30%
Will.I.Am
29%
Da Baby
27%
Travis Scott
27%
Yo Gotti
27%
Asap Ferg
26%
BTS
26%
Cassie
26%
Gucci Mane
26%
Mariah Carey
26%
Alicia Keys
25%
Trey Songz
25%
Usher
25%
Asap Rocky
24%
asap rocky
24%
Post Malone
24%
YG
24%
Young Thug
24%
Meghan Trainor
23%
Rae Sremmurd
23%
Jeremih
22%
Bad Bunny
21%
Jay Sean
21%
Kesha
21%
M.I.A
21%
21 savage
20%
Fergie
18%
Christina Aguilera
17%
DNCE
17%
Labrinth
17%
Maroon 5
17%
Normani
17%
Skylar Grey
17%
Zayn
17%
August Alsina
16%
Flo-Rida
15%
Lil Durk
15%
PnB Rock
14%
Wiz Khalifa
14%
Major Lazer
13%
Murda Beatz
13%
Trina
13%
Nas
12%
Nick Jonas
12%
Playboi Carti
12%
Afrojack
11%
Bon Iver
11%
Calvin Harris
11%
Farruko
11%
Avril Lavigne
10%
French Montana
10%
G-Eazy
10%
Jessie Ware
10%
PARTYNEXTDOOR
10%
Sean Kingston
10%
Ella Mai
9%
2Chains
8%
London On Da Track
8%
Nelly
8%
Chance the Rapper
7%
Juicy J
7%
Anuel AA
6%
Carly Rae Jepsen
6%
Rvssian
6%
Tasha Cobbs
6%
Oh Wonder
5%
Pharrell
5%
Mavado
4%
Wale
4%
Lil Bibby
3%
Mustard
3%
Rich The Kid
3%
Sean Paul
3%
Stylo G
3%
Willy William
3%
Bantu
2%
fanatix
1%
Vybz Kartel
1%

Score Distribution

Percentile by Number Answered

Percent of People with Each Score

Your Score History

You have not taken this quiz since the last reset